[Event "IECG CC.2004.0.00096 email"]
[Site "IECG email"]
[Date "2004.06.20"]
[Round "?"]
[White "Fabris, Mario Henrique"]
[Black "St Arnaud, Pierre"]
[Result "0-1"]
[WhiteElo "1623"]
[BlackElo "1600"]
[PlyCount "50"]
[EventDate "2004.06.20"]
[EventType "tourn (corr)"]
[EventRounds "6"]
[SourceTitle "Corr 2024"]
[Source "ChessBase"]
[SourceDate "2023.10.19"]
[SourceVersion "1"]
[SourceVersionDate "2023.10.19"]
[SourceQuality "1"]

1. d4 Nf6 2. c4 c5 3. d5 b5 4. cxb5 a6 5. bxa6 g6 6. g3 Bg7 7. Bg2 d6 8. Bd2 Qb6 9. Bc3 Nxa6 10. e4 0-0 11. Ne2 Nb4 12. a3 Ba6 13. 0-0 Nd3 14. b3 Ng4 15. Bxg7 Kxg7 16. Qc2 Nde5 17. Nbc3 Rfb8 18. h3 Nf6 19. b4 Bd3 20. Qd2 cxb4 21. axb4 Qxb4 22. Qe3 Ra3 23. Rxa3 Qxa3 24. Qc1 Qc5 25. Re1 Rb4 0-1

[Event "IECG CC.2004.0.00096 email"]
[Site "IECG email"]
[Date "2004.06.20"]
[Round "?"]
[White "Gretencord, Ulrich"]
[Black "St Arnaud, Pierre"]
[Result "0-1"]
[WhiteElo "1718"]
[BlackElo "1600"]
[PlyCount "68"]
[EventDate "2004.06.20"]
[EventType "tourn (corr)"]
[EventRounds "6"]
[SourceTitle "Corr 2024"]
[Source "ChessBase"]
[SourceDate "2023.10.19"]
[SourceVersion "1"]
[SourceVersionDate "2023.10.19"]
[SourceQuality "1"]

1. d4 f5 2. c4 Nf6 3. g3 e6 4. Bg2 g6 5. Nf3 d6 6. Nc3 Bg7 7. 0-0 0-0 8. Qc2 Nc6 9. d5 Nb4 10. Qb3 Na6 11. dxe6 Nc5 12. Qc2 Nxe6 13. b3 Bd7 14. e3 Nc5 15. Bb2 Qe7 16. Nd4 c6 17. Rad1 Rad8 18. b4 Nce4 19. Nde2 Rfe8 20. Nf4 g5 21. Nfe2 a6 22. a3 Nxf2 23. Rxf2 Ng4 24. Rd3 Nxf2 25. Kxf2 f4 26. gxf4 gxf4 27. Nxf4 Bf5 28. e4 Qh4+ 29. Kg1 Qxf4 30. Ne2 Qh4 31. exf5 Qe1+ 32. Bf1 Rxe2 33. Qxe2 Qxe2 34. b5 Qxb2 0-1